Canaima

Αποθηκεύτηκε σε:
Λεπτομέρειες βιβλιογραφικής εγγραφής
Κύριος συγγραφέας: Gallegos, Rómulo
Μορφή: Βιβλίο
Γλώσσα:Undetermined
Έκδοση: Buenos Aires, Argentina Espasa-Calpe 1964
Θέματα:
Ετικέτες: Προσθήκη ετικέτας
Δεν υπάρχουν, Καταχωρήστε ετικέτα πρώτοι!

MARC

LEADER 00000nam a2200000Ia 4500
008 170316s9999 xx 000 0 und d
040 |a cru BVZT 
090 |a 860 G-3c 
100 |a Gallegos, Rómulo 
245 |a Canaima 
260 |a Buenos Aires, Argentina 
260 |b Espasa-Calpe 
260 |c 1964 
300 |a 242 páginas 
650 |a LITERATURA LATINOAMERICANA 
999 |c 8782  |d 8782 
942 |c 15 D  |h 860 G-3c  |2 z